[Event "DEM U10 2011"]
[Site "Oberhof GER"]
[Date "2011.06.13"]
[Round "3"]
[White "Gungl, Theo"]
[Black "Buckels, Valentin"]
[Result "1-0"]
[Termination "normal"]
[Board "1"]
[WhiteElo "1736"]
[BlackElo "1475"]
[PlyCount "105"]
[WhiteFideId "24695653"]
[BlackFideId "12942766"]
[EventCountry "GER"]
[EventRounds "11"]
[EventType "swiss"]
[EventDate "2011.06.11"]

1. e4 c5 2. Nf3 d6 3. d4 cxd4 4. Nxd4 Nf6 5. Nc3 g6 6. Be3 Bg7 7. f3 Nc6 8. Qd2
O-O 9. Bc4 Bd7 10. O-O-O Ne5 11. Bb3 Rc8 12. g4 Nc4 13. Bxc4 Rxc4 14. h4 h5 15.
gxh5 Nxh5 16. Rhg1 e6 17. Kb1 Qa5 18. Nb3 Qc7 19. Qxd6 Bxc3 20. Qxd7 Bf6 21.
Qxc7 Rxc7 22. Bxa7 Bxh4 23. Bd4 Re8 24. Rh1 Bf6 25. Bxf6 Nxf6 26. Nd4 Rd7 27.
c3 Red8 28. Kc2 Nh5 29. Nb5 e5 30. Rxd7 Rxd7 31. Rd1 Re7 32. c4 Nf4 33. Nc3 Rc7
34. b3 Ne6 35. Nd5 Rc5 36. Kc3 Kg7 37. b4 Rc8 38. c5 Ng5 39. Rd3 Ra8 40. Kb3
Ra6 41. Nb6 Ra7 42. a4 Ne6 43. Kc4 Nf4 44. Rd7 Ne6 45. c6 Kf8 46. cxb7 Kg7 47.
b8=Q Rxd7 48. Nxd7 Kh6 49. Nxe5 f6 50. Qh8+ Kg5 51. Nd3 Nf4 52. Nf2 Ne6 53.
Nh3# 1-0

[Event "DEM U10 2011"]
[Site "Oberhof GER"]
[Date "2011.06.13"]
[Round "3"]
[White "Mantel, Ruben"]
[Black "Baberz, Alexander"]
[Result "0-1"]
[Termination "normal"]
[Board "2"]
[WhiteElo "1437"]
[BlackElo "1854"]
[PlyCount "80"]
[WhiteFideId "12930121"]
[BlackFideId "12921734"]
[EventCountry "GER"]
[EventRounds "11"]
[EventType "swiss"]
[EventDate "2011.06.11"]

1. e4 c5 2. Nf3 Nf6 3. Nc3 Nc6 4. Bc4 e6 5. d3 d5 6. Bb3 dxe4 7. dxe4 Qxd1+ 8.
Kxd1 a6 9. Ke2 Na5 10. e5 Nd7 11. a3 Nxb3 12. cxb3 b6 13. Bf4 Bb7 14. Rad1 h6
15. Rhe1 g5 16. Bg3 Bg7 17. Kf1 g4 18. Nd2 b5 19. Nce4 O-O 20. Nd6 Bd5 21. Rc1
Rad8 22. a4 Nxe5 23. Bxe5 Bxe5 24. Rxe5 Rxd6 25. Ne4 Bxe4 26. Rxe4 f5 27. Re5
c4 28. bxc4 bxc4 29. Rxc4 Kf7 30. Ke2 Rfd8 31. Rec5 Rd2+ 32. Ke3 R8d3+ 33. Kf4
Kf6 34. f3 Rxb2 35. Rc6 Rxg2 36. Rc3 Rxc3 37. Rxc3 Rxh2 38. fxg4 Rh4 39. Rg3
Rxg4+ 40. Rxg4 fxg4 0-1

[Event "DEM U10 2011"]
[Site "Oberhof GER"]
[Date "2011.06.13"]
[Round "3"]
[White "Schmidek, Emil"]
[Black "Wierzbicki, Jirawat"]
[Result "1-0"]
[Termination "normal"]
[Board "3"]
[WhiteElo "1719"]
[BlackElo "1405"]
[PlyCount "63"]
[WhiteFideId "12908150"]
[BlackFideId "1153579"]
[EventCountry "GER"]
[EventRounds "11"]
[EventType "swiss"]
[EventDate "2011.06.11"]

1. e4 e5 2. Nf3 Nc6 3. Bb5 a6 4. Ba4 Nf6 5. d3 b5 6. Bb3 Be7 7. O-O O-O 8. Re1
d6 9. c3 Bg4 10. Nbd2 Re8 11. Nf1 Qd7 12. Ng3 h6 13. h3 Be6 14. Bc2 Bf8 15. d4
exd4 16. cxd4 d5 17. e5 Nh7 18. Qd3 g6 19. a3 Bg7 20. Nh4 Ne7 21. f4 Kh8 22.
Rf1 Nf8 23. f5 Nxf5 24. Nhxf5 Bxf5 25. Nxf5 gxf5 26. Rxf5 Ng6 27. Qg3 Qe7 28.
Rh5 Kh7 29. Be3 Rf8 30. Rf1 Rg8 31. Bg5 Qf8 32. Bxg6+ 1-0

[Event "DEM U10 2011"]
[Site "Oberhof GER"]
[Date "2011.06.13"]
[Round "3"]
[White "Poghosyan, Tigran"]
[Black "Savchenko, Daniel"]
[Result "0-1"]
[Termination "normal"]
[Board "5"]
[WhiteElo "1685"]
[BlackElo "1411"]
[PlyCount "94"]
[WhiteFideId "12909319"]
[BlackFideId "12919195"]
[EventCountry "GER"]
[EventRounds "11"]
[EventType "swiss"]
[EventDate "2011.06.11"]

1. e4 e5 2. Nf3 Nf6 3. Nxe5 d6 4. Nf3 Nxe4 5. Nc3 Nf6 6. d4 Be7 7. Bd3 O-O 8.
h3 Nc6 9. O-O h6 10. Bf4 Be6 11. a3 a6 12. Qd2 Re8 13. Rae1 Bf8 14. Re2 Qd7 15.
Rfe1 Ne7 16. Ne4 Ned5 17. Nxf6+ Nxf6 18. c4 Bf5 19. Qc2 Bxd3 20. Qxd3 Rxe2 21.
Rxe2 Re8 22. b4 Rxe2 23. Qxe2 Qf5 24. Bg3 Qb1+ 25. Kh2 Qb3 26. c5 Qxa3 27. cxd6
cxd6 28. Qd2 Ne4 29. Qe3 Qxe3 30. fxe3 Nxg3 31. Kxg3 d5 32. Kf2 Bxb4 33. Ke2 a5
34. Kd3 Kf8 35. Kc2 a4 36. Ne5 Ke7 37. Nd3 Ba5 38. Nc5 b5 39. Kd3 Bb6 40. Na6
Kf6 41. Nb4 Ke6 42. Na2 Ba5 43. Nc1 b4 44. Kc2 b3+ 45. Kb2 Bd2 46. Nd3 Bxe3 47.
Nc5+ Kf5 0-1

[Event "DEM U10 2011"]
[Site "Oberhof GER"]
[Date "2011.06.13"]
[Round "3"]
[White "Zienert, Richard"]
[Black "Kuhn, Magnus"]
[Result "1-0"]
[Termination "normal"]
[Board "7"]
[WhiteElo "1374"]
[BlackElo "1579"]
[PlyCount "79"]
[WhiteFideId "12945986"]
[BlackFideId "12926345"]
[EventCountry "GER"]
[EventRounds "11"]
[EventType "swiss"]
[EventDate "2011.06.11"]

1. e4 e5 2. Nf3 Nc6 3. Bb5 a6 4. Ba4 Nf6 5. O-O b5 6. Bb3 Be7 7. c3 d6 8. d4
Bg4 9. h3 Bxf3 10. Qxf3 exd4 11. Re1 O-O 12. Bg5 h6 13. Bf4 Ne5 14. Bxe5 dxe5
15. Rd1 c5 16. cxd4 cxd4 17. Nd2 Rc8 18. Qf5 Bd6 19. Nf3 Qd7 20. Nxd4 exd4 21.
Qxd7 Nxd7 22. Rxd4 Be5 23. Rxd7 Bxb2 24. Rb1 Be5 25. Ra7 Ra8 26. Bxf7+ Kh8 27.
Rxa8 Rxa8 28. Bd5 Ra7 29. Rc1 a5 30. Rc8+ Kh7 31. Ra8 Rc7 32. g3 b4 33. Bg8+
Kh8 34. Be6+ Kh7 35. Rxa5 Rc1+ 36. Kg2 Bd4 37. Rd5 Ba7 38. Bf5+ Kg8 39. Rd8+
Kf7 40. Rd7+ 1-0

[Event "DEM U10 2011"]
[Site "Oberhof GER"]
[Date "2011.06.13"]
[Round "3"]
[White "Muckle, Julius"]
[Black "Laubrock, Paul"]
[Result "0-1"]
[Termination "normal"]
[Board "8"]
[WhiteElo "1357"]
[BlackElo "1546"]
[PlyCount "52"]
[WhiteFideId "12942430"]
[BlackFideId "1270509"]
[EventCountry "GER"]
[EventRounds "11"]
[EventType "swiss"]
[EventDate "2011.06.11"]

1. d4 Nf6 2. c4 e6 3. Nc3 Bb4 4. a3 Bxc3+ 5. bxc3 b6 6. Nf3 Ba6 7. e3 Nc6 8.
Be2 Na5 9. c5 Bxe2 10. Qxe2 bxc5 11. Qb5 c6 12. Qa4 cxd4 13. cxd4 Rb8 14. Nd2
O-O 15. O-O Qc7 16. Rb1 Rxb1 17. Nxb1 Rb8 18. Bd2 Nb3 19. Bb4 a5 20. Qxb3 axb4
21. axb4 Qb6 22. Qc2 Qxb4 23. Nc3 Qc4 24. Rc1 Nd5 25. Nxd5 Qxc2 26. Rf1 Rb1 0-1

[Event "DEM U10 2011"]
[Site "Oberhof GER"]
[Date "2011.06.13"]
[Round "3"]
[White "Kölz, Niklas"]
[Black "Martin, Julian"]
[Result "0-1"]
[Termination "normal"]
[Board "9"]
[WhiteElo "1479"]
[BlackElo "1321"]
[PlyCount "104"]
[WhiteFideId "12971758"]
[BlackFideId "12941000"]
[EventCountry "GER"]
[EventRounds "11"]
[EventType "swiss"]
[EventDate "2011.06.11"]

1. c4 c5 2. g3 Nf6 3. Bg2 d5 4. cxd5 Nxd5 5. Nc3 Nc7 6. Nf3 Nc6 7. O-O e5 8. d3
Be7 9. Ne1 O-O 10. Nc2 Be6 11. Ne3 f6 12. b3 Qd7 13. Bb2 Rab8 14. Rc1 Rfd8 15.
Nc4 b6 16. Ne3 Rbc8 17. f4 Nd4 18. fxe5 fxe5 19. Nc4 Bf6 20. Ne4 Nd5 21. Bxd4
exd4 22. Qd2 b5 23. Nb2 Be7 24. Ng5 Ne3 25. Nxe6 Nxf1 26. Kxf1 Qxe6 27. Re1
Rf8+ 28. Kg1 Kh8 29. e3 Qf6 30. Rf1 dxe3 31. Qe2 Qd4 32. Rxf8+ Rxf8 33. Nd1 Bf6
34. Nxe3 Re8 35. Be4 Bg5 36. Kf2 Rf8+ 37. Bf3 Re8 38. Be4 c4 39. Kg2 Qxe3 40.
Qh5 Rxe4 41. dxe4 Qxe4+ 42. Kh3 Qg6 43. Qe2 Qh6+ 44. Kg2 Qc6+ 45. Kh3 h6 46.
bxc4 Qxc4 47. Qf3 Qe6+ 48. Kg2 Qxa2+ 49. Kh3 Qe6+ 50. Kg2 Qe8 51. Qb3 a5 52.
Qd5 a4 0-1

[Event "DEM U10 2011"]
[Site "Oberhof GER"]
[Date "2011.06.13"]
[Round "3"]
[White "Sahki, Saphir"]
[Black "Schröter, Ron"]
[Result "1-0"]
[Termination "normal"]
[Board "10"]
[WhiteElo "1597"]
[BlackElo "1291"]
[PlyCount "89"]
[WhiteFideId "26028450"]
[BlackFideId "12941727"]
[EventCountry "GER"]
[EventRounds "11"]
[EventType "swiss"]
[EventDate "2011.06.11"]

1. e4 e5 2. Nf3 Nc6 3. Bb5 a6 4. Ba4 b5 5. Bb3 Bc5 6. Bd5 Nf6 7. Bxc6 dxc6 8.
d3 O-O 9. O-O Bg4 10. Bg5 h6 11. Bh4 g5 12. Bg3 Re8 13. Nbd2 Nh5 14. Kh1 Qf6
15. Qe1 Nxg3+ 16. fxg3 Qe6 17. Nb3 Bb6 18. Qd2 Rad8 19. Rad1 c5 20. Qe2 c4 21.
dxc4 Qxc4 22. Qxc4 bxc4 23. Nbd2 f5 24. Rfe1 Bf2 25. Re2 fxe4 26. Rxe4 Bf5 27.
Re2 e4 28. Rxf2 exf3 29. gxf3 Bxc2 30. Rc1 Bf5 31. Rxc4 Bh3 32. Re4 Rf8 33. Re3
g4 34. f4 Rfe8 35. Ree2 Rxe2 36. Rxe2 Bf1 37. Nxf1 Rd1 38. Kg2 Kf7 39. Rd2 Rc1
40. Ne3 Rb1 41. Nxg4 h5 42. Ne5+ Ke6 43. b3 Ra1 44. Kh3 a5 45. Kh4 1-0

[Event "DEM U10 2011"]
[Site "Oberhof GER"]
[Date "2011.06.13"]
[Round "3"]
[White "Renger, Niklas"]
[Black "Rosenhain, Rachela"]
[Result "1-0"]
[Termination "normal"]
[Board "11"]
[WhiteElo "1452"]
[BlackElo "1190"]
[PlyCount "73"]
[WhiteFideId "12908096"]
[BlackFideId "12957615"]
[EventCountry "GER"]
[EventRounds "11"]
[EventType "swiss"]
[EventDate "2011.06.11"]

1. e4 c5 2. Nf3 d6 3. d4 cxd4 4. Nxd4 Nf6 5. Nc3 g6 6. Be3 Bg7 7. f3 Nc6 8. Qd2
O-O 9. Bc4 Bd7 10. O-O-O Rc8 11. Bb3 Na5 12. g4 Nxb3+ 13. Nxb3 Rc6 14. Bh6 Qc7
15. h4 a5 16. Kb1 Rc4 17. Bxg7 Kxg7 18. g5 Ne8 19. Nd5 Qd8 20. Qxa5 Qxa5 21.
Nxa5 Rc5 22. Nb3 Rc4 23. Nxe7 Nc7 24. Nd5 Nxd5 25. Rxd5 Rc6 26. Rhd1 Rfc8 27.
Rxd6 Be6 28. Rxc6 Rxc6 29. Nd4 Ra6 30. Nxe6+ Rxe6 31. b4 f5 32. exf5 gxf5 33.
Rd7+ Kg6 34. Rxb7 Re1+ 35. Kb2 Rf1 36. Rb6+ Kh5 37. Rh6# 1-0

[Event "DEM U10 2011"]
[Site "Oberhof GER"]
[Date "2011.06.13"]
[Round "3"]
[White "Sanati, Charlotte"]
[Black "Reimann, Sebastian"]
[Result "0-1"]
[Termination "normal"]
[Board "12"]
[WhiteElo "1284"]
[BlackElo "1442"]
[PlyCount "110"]
[WhiteFideId "12907707"]
[BlackFideId "12928054"]
[EventCountry "GER"]
[EventRounds "11"]
[EventType "swiss"]
[EventDate "2011.06.11"]

1. e4 e5 2. Nf3 Nc6 3. Bb5 Bc5 4. O-O d6 5. d4 exd4 6. Nxd4 Nge7 7. Bg5 Bxd4 8.
Qxd4 O-O 9. Qc3 f6 10. Bh4 Kh8 11. Nd2 a6 12. Ba4 Ne5 13. Nf3 N7g6 14. Bg3 Bg4
15. Nxe5 fxe5 16. h3 Be6 17. Bb3 Bd7 18. Qb4 Rb8 19. Rad1 Nf4 20. Qd2 Qe8 21.
c4 Qh5 22. Bxf4 Rxf4 23. Qe3 Rbf8 24. Rd2 R8f6 25. Bd1 Qg6 26. c5 Rxe4 27. Qg3
Bb5 28. Qxg6 hxg6 29. Bf3 Rc4 30. Re1 Rxc5 31. Re4 Rf4 32. Rxf4 exf4 33. Rd1
Bc6 34. Re1 Kg8 35. Bxc6 Rxc6 36. Re4 g5 37. g3 fxg3 38. fxg3 Rc1+ 39. Kf2 Rc2+
40. Re2 Rxe2+ 41. Kxe2 Kf7 42. Ke3 Ke6 43. g4 Ke5 44. b3 c5 45. a4 b5 46. a5 c4
47. b4 d5 48. Kd2 Ke4 49. Ke2 c3 50. Kd1 Kd3 51. Kc1 c2 52. Kb2 Kd2 53. Kb3
c1=Q 54. Ka2 Kc2 55. h4 Qb2# 0-1

[Event "DEM U10 2011"]
[Site "Oberhof GER"]
[Date "2011.06.13"]
[Round "3"]
[White "Fromm, Katja"]
[Black "Rosenthal, Moritz"]
[Result "1-0"]
[Termination "normal"]
[Board "13"]
[WhiteElo "1401"]
[BlackElo "847"]
[PlyCount "139"]
[WhiteFideId "12929409"]
[BlackFideId "12946338"]
[EventCountry "GER"]
[EventRounds "11"]
[EventType "swiss"]
[EventDate "2011.06.11"]

1. d4 d5 2. c4 e6 3. Nc3 Nf6 4. Nf3 Nbd7 5. a3 c5 6. Bg5 Qa5 7. Bxf6 Nxf6 8.
Qa4+ Qxa4 9. Nxa4 b6 10. e3 Be7 11. Be2 O-O 12. Nc3 a6 13. O-O Bb7 14. Rad1
Rac8 15. cxd5 cxd4 16. Nxd4 Nxd5 17. Nxd5 exd5 18. Bf3 Rfd8 19. Rd2 Rd7 20. Bg4
Rd6 21. Bxc8 Bxc8 22. Rc1 Bd7 23. Rdc2 a5 24. Nc6 Bf6 25. Nb8 Be6 26. Rc6 Rxc6
27. Rxc6 Bxb2 28. Rxb6 Bxa3 29. Nc6 h6 30. Nxa5 Kh7 31. Kf1 Be7 32. Ke2 Kg6 33.
Nb3 Bf6 34. Nd4 Bxd4 35. exd4 Kf5 36. Kf3 h5 37. h3 g6 38. g4+ hxg4+ 39. hxg4+
Kg5 40. Kg3 Bxg4 41. f4+ Kf5 42. Rb5 Be2 43. Rxd5+ Ke4 44. Re5+ Kd3 45. Rxe2
Kxd4 46. Re7 f6 47. Re6 g5 48. fxg5 fxg5 49. Kg4 Kd5 50. Re1 Kd4 51. Kxg5 Kd3
52. Kf4 Kd4 53. Rd1+ Kc5 54. Ke4 Kc6 55. Ke5 Kc5 56. Rc1+ Kb5 57. Kd4 Kb6 58.
Kd5 Kb7 59. Kd6 Kb8 60. Kd7 Kb7 61. Rb1+ Ka6 62. Kc7 Ka5 63. Kc6 Ka4 64. Kc5
Ka3 65. Kc4 Ka2 66. Rb7 Ka3 67. Rb8 Ka2 68. Kc3 Ka1 69. Kc2 Ka2 70. Ra8# 1-0

[Event "DEM U10 2011"]
[Site "Oberhof GER"]
[Date "2011.06.13"]
[Round "3"]
[White "Shen, Julian"]
[Black "Alekhanov, Jannis"]
[Result "1-0"]
[Termination "normal"]
[Board "14"]
[WhiteElo "1273"]
[BlackElo "1398"]
[PlyCount "163"]
[WhiteFideId "12942898"]
[BlackFideId "12921238"]
[EventCountry "GER"]
[EventRounds "11"]
[EventType "swiss"]
[EventDate "2011.06.11"]

1. e4 e5 2. Nf3 Nc6 3. Bc4 Bc5 4. Nc3 d6 5. d3 Bg4 6. h3 Bh5 7. g4 Bg6 8. Be3
Bxe3 9. fxe3 Na5 10. Bb3 Nxb3 11. cxb3 c6 12. Qc2 b5 13. d4 exd4 14. exd4 d5
15. Qe2 Qe7 16. exd5 Qxe2+ 17. Kxe2 b4 18. Na4 cxd5 19. Nc5 a5 20. Kf2 Nf6 21.
Rhe1+ Kd8 22. Ne5 Ne4+ 23. Nxe4 dxe4 24. Nxg6 hxg6 25. Rxe4 Rxh3 26. Rae1 Rh8
27. Re7 Rf8 28. Rb7 Rc8 29. d5 Rc2+ 30. Kg3 Rc7 31. Rb8+ Rc8 32. Rb7 Re8 33.
Rd1 Re7 34. Rb5 Rc2 35. Rxa5 g5 36. Rd3 Rxb2 37. d6 Ree2 38. Rxg5 Rg2+ 39. Kf4
g6 40. d7 Rbf2+ 41. Rf3 Rxf3+ 42. Kxf3 Rxa2 43. Rb5 Kxd7 44. Rxb4 Rb2 45. Kf4
Ke6 46. Rb5 Kf6 47. b4 g5+ 48. Ke4 Kg6 49. Rb6+ f6 50. Kf3 Rb3+ 51. Kf2 Rd3 52.
b5 Kf7 53. Rc6 Rb3 54. Rb6 Ke7 55. Kg2 Rd3 56. Kf2 Rd6 57. Rxd6 Kxd6 58. Ke3
Kc5 59. Ke4 Kxb5 60. Kf5 Kc6 61. Kxf6 Kd7 62. Kxg5 Ke8 63. Kg6 Kf8 64. Kh7 Kf7
65. g5 Ke7 66. g6 Kf6 67. g7 Kf5 68. g8=Q Ke4 69. Qg5 Kf3 70. Qh4 Ke3 71. Kg6
Kd3 72. Kf5 Kc3 73. Qe4 Kd2 74. Qf3 Kc2 75. Qe3 Kb2 76. Qd3 Kc1 77. Qe2 Kb1 78.
Qd2 Ka1 79. Ke4 Kb1 80. Kd3 Ka1 81. Kc3 Kb1 82. Qb2# 1-0

[Event "DEM U10 2011"]
[Site "Oberhof GER"]
[Date "2011.06.13"]
[Round "3"]
[White "Fieberg, Samuel"]
[Black "Stobbe, Frederik"]
[Result "1-0"]
[Termination "normal"]
[Board "15"]
[WhiteElo "1762"]
[BlackElo "1105"]
[PlyCount "135"]
[WhiteFideId "12901717"]
[EventCountry "GER"]
[EventRounds "11"]
[EventType "swiss"]
[EventDate "2011.06.11"]

1. e4 e5 2. Nf3 Nc6 3. Bc4 Nf6 4. d3 Be7 5. c3 O-O 6. O-O d6 7. Nbd2 Na5 8. Re1
Nxc4 9. Nxc4 Re8 10. d4 exd4 11. cxd4 d5 12. exd5 Nxd5 13. Ne3 Bb4 14. Bd2 Bxd2
15. Qxd2 Nxe3 16. fxe3 Re4 17. Ne5 Bg4 18. Rf1 f6 19. Qc2 Qd5 20. Nxg4 Rxg4 21.
Rf5 Rxg2+ 22. Qxg2 Qxf5 23. Qxb7 Qg5+ 24. Kf2 Qh4+ 25. Kf1 Qh3+ 26. Qg2 Qxg2+
27. Kxg2 Kf7 28. Kf2 Ke6 29. e4 Rd8 30. Ke3 c6 31. Rc1 Kd6 32. Rc5 Kd7 33. b4
Rb8 34. a3 Rb5 35. Rxb5 cxb5 36. Kf4 g6 37. h4 Kd6 38. Kg4 h5+ 39. Kf4 Ke6 40.
Kg3 Kd6 41. Kf3 Ke6 42. Kf4 Kd6 43. e5+ fxe5+ 44. dxe5+ Kd5 45. Kg5 Kxe5 46.
Kxg6 Ke6 47. Kxh5 Kf5 48. Kh6 Kf6 49. h5 Kf7 50. Kg5 Kg7 51. Kf5 Kh6 52. Ke5
Kxh5 53. Kd5 Kg5 54. Kc5 a6 55. Kb6 Kf6 56. Kxa6 Ke6 57. Kxb5 Kd7 58. a4 Kc8
59. a5 Kb8 60. Kc6 Kc8 61. b5 Kb8 62. Kd7 Kb7 63. b6 Ka8 64. a6 Kb8 65. b7 Ka7
66. Kc7 Kxa6 67. b8=Q Ka5 68. Qb3 1-0

[Event "DEM U10 2011"]
[Site "Oberhof GER"]
[Date "2011.06.13"]
[Round "3"]
[White "Schneider, Jana"]
[Black "Santos, Leonardo"]
[Result "1/2-1/2"]
[Termination "normal"]
[Board "16"]
[WhiteElo "1347"]
[BlackElo "1100"]
[PlyCount "75"]
[WhiteFideId "12924997"]
[BlackFideId "12965049"]
[EventCountry "GER"]
[EventRounds "11"]
[EventType "swiss"]
[EventDate "2011.06.11"]

1. e4 c5 2. Nc3 d6 3. g3 g6 4. Bg2 Bg7 5. d3 Nc6 6. Be3 e6 7. Qd2 Nge7 8. Bh6
Bxh6 9. Qxh6 Nd4 10. O-O-O b5 11. Nce2 Ndc6 12. d4 Qb6 13. e5 Rb8 14. dxc5 Qxc5
15. exd6 Nf5 16. Qd2 Bd7 17. Nc3 b4 18. Ne4 Qb5 19. Nf3 a5 20. Nfg5 Kf8 21. Nf6
Rb7 22. Ngxh7+ Kg7 23. Qg5 Qe2 24. Qd2 Qc4 25. Kb1 a4 26. Qd3 Qc5 27. Nxd7 Rxd7
28. Bxc6 Qxc6 29. Ng5 Rxd6 30. Qe4 Qd7 31. Rxd6 Qxd6 32. Nf3 Rd8 33. Qe5+ Qxe5
34. Nxe5 Rd2 35. Rf1 Nd4 36. c3 bxc3 37. bxc3 Nb5 38. Rc1 1/2-1/2

[Event "DEM U10 2011"]
[Site "Oberhof GER"]
[Date "2011.06.13"]
[Round "3"]
[White "Ackermann, Constantin"]
[Black "Tong, Kevin"]
[Result "1/2-1/2"]
[Termination "normal"]
[Board "17"]
[WhiteElo "1103"]
[BlackElo "1345"]
[PlyCount "74"]
[BlackFideId "12913944"]
[EventCountry "GER"]
[EventRounds "11"]
[EventType "swiss"]
[EventDate "2011.06.11"]

1. e4 c5 2. Bc4 d6 3. Nf3 Nc6 4. c3 Nf6 5. d3 g6 6. O-O Bg7 7. Nbd2 O-O 8. Re1
Bg4 9. Nf1 Ne5 10. N1d2 a6 11. d4 Bxf3 12. Nxf3 Nxc4 13. Qe2 Nb6 14. Rd1 Qc7
15. e5 dxe5 16. dxe5 Nfd7 17. e6 Nf6 18. Ng5 Qc8 19. exf7+ Rxf7 20. Nxf7 Kxf7
21. Bf4 Qg4 22. Qxg4 Nxg4 23. h3 Ne5 24. Bxe5 Bxe5 25. Re1 Bd6 26. Rab1 a5 27.
b3 Nd5 28. Rec1 Be5 29. c4 Nb4 30. a3 Nc6 31. Rd1 Bd6 32. g3 Kg7 33. Kg2 Rf8
34. h4 Rf7 35. f4 Rf8 36. Rh1 Rf5 37. Kf3 h5 1/2-1/2

[Event "DEM U10 2011"]
[Site "Oberhof GER"]
[Date "2011.06.13"]
[Round "3"]
[White "Silber, Kevin"]
[Black "Nguyen, Ha Thanh"]
[Result "0-1"]
[Termination "normal"]
[Board "18"]
[WhiteElo "1341"]
[BlackElo "1092"]
[PlyCount "68"]
[WhiteFideId "12930440"]
[BlackFideId "12942154"]
[EventCountry "GER"]
[EventRounds "11"]
[EventType "swiss"]
[EventDate "2011.06.11"]

1. e4 e5 2. Nf3 Nc6 3. d4 exd4 4. Nxd4 Nf6 5. Bg5 Bc5 6. Nxc6 bxc6 7. e5 Qe7 8.
Qe2 Bd4 9. c3 Bxe5 10. f4 Bd6 11. Qxe7+ Bxe7 12. Bd3 O-O 13. O-O Bc5+ 14. Kh1
Ng4 15. Bh4 Ne3 16. Rf3 Re8 17. Nd2 Nd5 18. Ne4 Bb6 19. Ng5 g6 20. Bc4 Bb7 21.
Rd1 h6 22. Nh3 Ne3 23. Bxf7+ Kxf7 24. Rxd7+ Kf8 25. Ng1 c5 26. Be7+ Rxe7 27.
Rxe7 Kxe7 28. Rxe3+ Kf6 29. h4 c4 30. Re1 Rd8 31. Nf3 Kf5 32. Rf1 Kg4 33. Ne5+
Kg3 34. Nxg6 Bxg2# 0-1

[Event "DEM U10 2011"]
[Site "Oberhof GER"]
[Date "2011.06.13"]
[Round "3"]
[White "Könze, Heike"]
[Black "Wong, Gengchun"]
[Result "0-1"]
[Termination "normal"]
[Board "19"]
[WhiteElo "1093"]
[BlackElo "1337"]
[PlyCount "78"]
[WhiteFideId "12964476"]
[BlackFideId "12963283"]
[EventCountry "GER"]
[EventRounds "11"]
[EventType "swiss"]
[EventDate "2011.06.11"]

1. e4 c5 2. d4 cxd4 3. c3 dxc3 4. Nxc3 Nc6 5. Bc4 Qc7 6. Nb5 Qb8 7. Nf3 a6 8.
Nc3 e6 9. O-O Nf6 10. Qe2 Ng4 11. h3 Nd4 12. hxg4 Nxe2+ 13. Nxe2 b5 14. Bd3 Bb7
15. Bf4 d6 16. e5 Bxf3 17. gxf3 dxe5 18. Be3 Bd6 19. Be4 O-O 20. Bxa8 Qxa8 21.
Rfd1 Bb8 22. Kg2 e4 23. Ng1 h6 24. Bc5 Rc8 25. Bb4 Be5 26. Rd2 Rc4 27. Be7
exf3+ 28. Nxf3 Rxg4+ 29. Kf1 Qxf3 30. Rd8+ Kh7 31. Rad1 Bg3 32. R1d2 Bh2 33.
Rh8+ Kxh8 34. Rd8+ Kh7 35. Ke1 Re4+ 36. Kd2 Bf4+ 37. Kc2 Re2+ 38. Kd1 Rd2+ 39.
Kc1 Qd1# 0-1

[Event "DEM U10 2011"]
[Site "Oberhof GER"]
[Date "2011.06.13"]
[Round "3"]
[White "Shoipov, Dennie"]
[Black "Ratay, Meike"]
[Result "0-1"]
[Termination "normal"]
[Board "20"]
[WhiteElo "1336"]
[BlackElo "1087"]
[PlyCount "70"]
[WhiteFideId "14137755"]
[BlackFideId "12977608"]
[EventCountry "GER"]
[EventRounds "11"]
[EventType "swiss"]
[EventDate "2011.06.11"]

1. e4 e5 2. Bc4 Nf6 3. Nc3 Bc5 4. Nf3 Nc6 5. d3 h6 6. Be3 Bb6 7. Qd2 d6 8.
O-O-O Be6 9. Bxe6 fxe6 10. h3 Qd7 11. g4 O-O-O 12. Rdg1 Rdg8 13. h4 Bxe3 14.
fxe3 d5 15. exd5 exd5 16. g5 Nh5 17. Qg2 d4 18. exd4 exd4 19. Ne4 Nf4 20. Qd2
Rf8 21. Rf1 Ng6 22. h5 Nge5 23. Nxe5 Rxf1+ 24. Rxf1 Nxe5 25. gxh6 gxh6 26. Qf4
Qe7 27. Nd2 Qd6 28. Re1 Re8 29. Nc4 Nxd3+ 30. cxd3 Rxe1+ 31. Kd2 Qxf4+ 32. Kxe1
Qh4+ 33. Kd2 Qxh5 34. Kc2 Qe2+ 35. Nd2 h5 0-1

[Event "DEM U10 2011"]
[Site "Oberhof GER"]
[Date "2011.06.13"]
[Round "3"]
[White "Rau, Jennifer"]
[Black "Petersen, Marcel"]
[Result "1-0"]
[Termination "normal"]
[Board "21"]
[WhiteElo "1092"]
[BlackElo "1330"]
[PlyCount "57"]
[WhiteFideId "12983276"]
[BlackFideId "12935670"]
[EventCountry "GER"]
[EventRounds "11"]
[EventType "swiss"]
[EventDate "2011.06.11"]

1. e4 c5 2. d4 cxd4 3. c3 d3 4. Bxd3 d6 5. Nf3 Nc6 6. Bc4 Nf6 7. e5 Nxe5 8.
Nxe5 dxe5 9. Bxf7+ Kxf7 10. Qxd8 e6 11. Qc7+ Nd7 12. O-O Bc5 13. Be3 Be7 14.
Nd2 Rd8 15. Nc4 Kf6 16. f4 e4 17. Nd2 Kf5 18. Qa5+ Kg6 19. f5+ Kf7 20. fxe6+
Kxe6 21. Qf5+ Kd6 22. Nxe4+ Kc7 23. Bf4+ Kb6 24. Qe6+ Kb5 25. a4+ Ka5 26. Qd5+
Nc5 27. Bc7+ Ka6 28. Bxd8 Nxe4 29. Qb5# 1-0

[Event "DEM U10 2011"]
[Site "Oberhof GER"]
[Date "2011.06.13"]
[Round "3"]
[White "Piskaykin, Bogdan"]
[Black "Yankelevich, Michael"]
[Result "1/2-1/2"]
[Termination "normal"]
[Board "22"]
[WhiteElo "1329"]
[BlackElo "1083"]
[PlyCount "51"]
[WhiteFideId "12941212"]
[BlackFideId "12921440"]
[EventCountry "GER"]
[EventRounds "11"]
[EventType "swiss"]
[EventDate "2011.06.11"]

1. e4 e5 2. Nf3 Nc6 3. Bb5 Nf6 4. O-O d6 5. d4 exd4 6. Nxd4 Bd7 7. Nc3 Ne5 8.
Bg5 Be7 9. Bxd7+ Qxd7 10. Nf5 Rg8 11. h3 h6 12. Bxf6 Bxf6 13. Nd5 O-O-O 14. c3
c6 15. Nde3 Ng6 16. Qf3 Ne5 17. Qe2 Ng6 18. Ng4 Bg5 19. g3 Rde8 20. f4 Qxf5 21.
exf5 Rxe2 22. fxg6 Bf6 23. Nxf6 gxf6 24. Rf2 Rxf2 25. Kxf2 fxg6 26. Re1 1/2-1/2

[Event "DEM U10 2011"]
[Site "Oberhof GER"]
[Date "2011.06.13"]
[Round "3"]
[White "Ott, Josef Sebastian"]
[Black "Meyling, Lennart"]
[Result "0-1"]
[Termination "normal"]
[Board "23"]
[WhiteElo "1327"]
[BlackElo "1071"]
[PlyCount "92"]
[WhiteFideId "12952079"]
[BlackFideId "12947130"]
[EventCountry "GER"]
[EventRounds "11"]
[EventType "swiss"]
[EventDate "2011.06.11"]

1. e4 c5 2. Nc3 d6 3. f4 Nc6 4. Nf3 Bg4 5. Bb5 Qc7 6. d3 e6 7. O-O Nge7 8. h3
Bh5 9. Qe1 Bxf3 10. Rxf3 O-O-O 11. Be3 a6 12. Bxc6 Qxc6 13. d4 b5 14. dxc5 dxc5
15. Ne2 Ng6 16. e5 Be7 17. c3 Nh4 18. Rf2 Nf5 19. Nc1 Bh4 20. Nb3 Bxf2+ 21.
Qxf2 Nxe3 22. Qxe3 Rd5 23. Rc1 Rhd8 24. Nd4 Qb6 25. Nb3 Rd3 26. Qe4 c4+ 27. Nd4
b4 28. Qa8+ Kc7 29. Qe4 bxc3 30. bxc3 R8xd4 31. cxd4 Rxd4 32. Qxh7 Rd1+ 33. Kh2
Qg1+ 34. Kg3 Qe3+ 35. Kg4 Qxc1 36. Qxg7 Rd7 37. Qf8 Qe3 38. Qb4 c3 39. Qc4+ Kb7
40. Qb4+ Ka7 41. Qa4 Qe2+ 42. Kg5 Qxg2+ 43. Kh4 Qd2 44. Qb4 c2 45. Qc5+ Kb7 46.
Qb4+ Qxb4 0-1

[Event "DEM U10 2011"]
[Site "Oberhof GER"]
[Date "2011.06.13"]
[Round "3"]
[White "Rockmann, Jan-Okke"]
[Black "Staufenberger, Philipp"]
[Result "1-0"]
[Termination "normal"]
[Board "25"]
[WhiteElo "1294"]
[BlackElo "1033"]
[PlyCount "49"]
[WhiteFideId "12942111"]
[BlackFideId "12970883"]
[EventCountry "GER"]
[EventRounds "11"]
[EventType "swiss"]
[EventDate "2011.06.11"]

1. d4 e6 2. c4 d5 3. Nc3 Nf6 4. Nf3 Bb4 5. a3 Bxc3+ 6. bxc3 dxc4 7. e3 Ne4 8.
Qc2 Nd6 9. e4 b5 10. a4 c6 11. Ba3 bxa4 12. e5 Nf5 13. Bxc4 f6 14. O-O Ba6 15.
Qxa4 Bxc4 16. Qxc4 Qd5 17. Qb4 Na6 18. Qb7 c5 19. Qxa6 cxd4 20. cxd4 Nxd4 21.
Nxd4 Qxd4 22. Qxe6+ Kd8 23. Rad1 Qxd1 24. Rxd1+ Kc7 25. Rd7+ 1-0